000 02137nam0a2200421 4500
001 RU\NLR\bibl\1370353
005 20260406055615.0
010 _a978-5-17-055667-0
_bАСТ
010 _a978-5-17-055667-0
_97000
_bНКП
021 _aRU
_b2009-22584
_91336
035 _a(nilc)IZD\AST\2007\866206
035 _a(NLR Aleph) 001362485
090 _a990023
_c990023
100 _a20081106d2008 |||y0rusy50 ca
101 0 _arus
102 _aRU
_aUA
105 _ay |||||||||
200 1 _aЛечебные ванны и чистка капилляров по А. Залманову
_e[капиляротерапия. Водолечение. Скипидарные ванны. Ошибки при водолечении; Препараты для ванн
_fавт.-сост. Бах Борис]
210 _aМосква
_cАСТ
_aКиев
_cНКП
_d2008
215 _a62, [1] с.
_d21
225 1 _a100 знаменитых систем оздоровления
320 _aБиблиогр.: с. 62-63
330 _aО простом и доступном методе исцеления ваннами по А.С.Залманову. Приведены также другие доступные методы улучшения работы капилляров - основного фактора, обеспечивающего здоровье и долголетие. Для широкого круга читателей.
606 1 _aСкипидарные ванны
_jПопулярные издания
_91059054
_3RU\NLR\auth\66410638
686 _a53.54
_vLBC/PL
_2rubbk
686 _a53.59
_vLBC/PL
_2rubbk
686 _aР354.417я9
686 _aР281.764-6я9
702 1 _4570
_8rus
_7ca
_aЗалманов
_bА. С.
_f1875-1965
_gАбрам Соломонович
_3RU\NLR\auth\779965
_9119753
702 1 _aБах
_bБ.
_gБорис
801 0 _aRU
_bЛИБНЕТ
_c20081106
_gRCR
801 1 _aRU
_bЛИБНЕТ
_c20081106
801 2 _aRU
_bЦУНБ Москва
_c20081124
_2rusmarc
801 2 _aRU
_bNLR
_c20090519
_grcr
830 _aCODE_OF_LIBNET\000016372
942 _cBOOK
980 _aNB